Statystyki dla Żużlowcy którzy od 2007r w Ekstralidze odjechali więcej niż 500 biegów

Kliknij tutaj aby rozwiązać quiz!

Ogólne statystyki

  • Ten quiz został rozwiązany 462 razy
  • Średni wynik to 32 z 45

Statystyki odpowiedzi

Liczba BiegówZawodnik% Poprawnych
1045Bartosz Zmarzlik
97%
1339Maciej Janowski
95%
1105Patryk Dudek
94%
1315Janusz Kołodziej
92%
1261Jarosław Hampel
92%
869Piotr Pawlicki
92%
833Tomasz Gollob
92%
1137Nicki Pedersen
91%
1284Chris Holder
90%
959Przemysław Pawlicki
90%
1101Tai Woffinden
90%
1034Leon Madsen
88%
1247Martin Vaculik
86%
807Artem Laguta
85%
1066Fredrik Lindgren
85%
1335Piotr Protasiewicz
85%
646Jason Doyle
83%
684Grigorij Laguta
82%
1288Krzysztof Kasprzak
82%
753Szymon Woźniak
78%
521Maksym Drabik
74%
940Greg Hancock
73%
855Grzegorz Zengota
72%
710Paweł Przedpełski
72%
839Grzegorz Walasek
71%
562Bartosz Smektała
69%
1194Matej Zagar
69%
951Emil Sajfutdinow
66%
1002Niels Kristian Iversen
66%
948Rune Holta
66%
1189Adrian Miedziński
62%
529Jason Crump
62%
838Krzysztof Buczkowski
59%
818Michael Jepsen Jensen
56%
550Tomasz Gapiński
55%
1040Kenneth Bjerre
54%
818Andreas Jonsson
50%
645Damian Baliński
42%
549Sebastian Ułamek
42%
546Antonio Lindbaeck
41%
628Ryan Sullivan
40%
511Rafał Okoniewski
37%
792Tomasz Jędrzejak
34%
505Troy Batchelor
32%
525Jurica Pavlic
27%

Rozkład punktacji

Percentyl według liczby udzielonych odpowiedzi

Procent ludzi z każdym wynikiem

Twoja historia wyników

Nie rozwiązałeś tego quizu